000 01162nam a2200313 a 4500
001 000022370
003 DO-SdBNP
005 20260203124139.0
008 101006s2009 dr a 000 0 spa d
020 _a9789945020823
040 _aDO-SdBNP
_bspa
_cBNPHU
082 4 _a199.7293
_bF488d,
_222
245 0 0 _aFilosofía dominicana :
_bpasado y presente /
_ccompiladora Lusitania F. Martínez Jiménez.
260 _aSanto Domingo :
_bArchivo General de la Nación ;
_bAlfa y Omega,
_c2009-.
300 _a3 v. :
_bil. ;
_c23 cm.
490 1 _aArchivo General de la Nación ;
_v93-95
500 _aIncluye datos biográficos de la compiladora en la solapa de la cubierta
500 _aIncluye referencias bibliográficas y notas al pie de las páginas
500 _aIncluye bibliografía al final de los capítulos
590 _aInventariado, 2018/BT
650 4 _aFilosofía dominicana
_9473
650 0 _aYo
_946142
650 0 _aPositivismo
_92423
650 0 _aExistencialismo
_936017
650 4 _aFilósofos
_9809
700 1 _aMartínez Jiménez, Lusitania F.,
_ecomp.
_946143
910 _aValidado. Control de calidad. MFF
942 _2ddc
_cLBS1
999 _c21868
_d21868